| 000 | 00619nam a2200193 a 4500 | ||
|---|---|---|---|
| 005 | 20210223123024.0 | ||
| 008 | 991125s1975 mx 000 0 spa u | ||
| 035 | _aUPN01000046013 | ||
| 049 | _aCG | ||
| 050 | 4 |
_aGV481 _bS3.68 |
|
| 100 | 1 | _aSchelz, Alfred E. | |
| 245 | 1 | 0 |
_aPreparación física para varones / _cAlfred E. Schelz y Robert Earl Johnson ; tr. Carlos Herhard Ottenwaelder ; il. por Vernon Hüppi. |
| 260 |
_aMéxico : _bInteramericana, _c1975. |
||
| 300 | _a110 p. | ||
| 440 | 0 | _aActividades físicas | |
| 650 | 4 |
_aCALISTENIA _94805 |
|
| 700 | 1 |
_aJohnson, Robert Earl, _d1915- _ecoaut. |
|
| 905 | _aLibro | ||
| 999 |
_c46013 _d46013 |
||